How we can solve the climate crisis (Record no. 43013)

MARC details
000 -LEADER
fixed length control field 00405nam a2200157Ia 4500
020 ## - INTERNATIONAL STANDARD BOOK NUMBER
ISBN 9.78075E+12
082 ## - DEWEY DECIMAL CLASSIFICATION NUMBER
Classification number 504.38
Item number ALG
100 ## - MAIN ENTRY--AUTHOR NAME
Personal name Al, Gore
245 #0 - TITLE STATEMENT
Title How we can solve the climate crisis
260 ## - PUBLICATION, DISTRIBUTION, ETC. (IMPRINT)
Place of publication London
Name of publisher Bloomstury Publishing
Year of publication 2009
650 ## - SUBJECT ADDED ENTRY--TOPICAL TERM
Topical Term Climate change
650 ## - SUBJECT ADDED ENTRY--TOPICAL TERM
Topical Term Climate crisis
650 ## - SUBJECT ADDED ENTRY--TOPICAL TERM
Topical Term Global warming
942 ## - ADDED ENTRY ELEMENTS (KOHA)
Koha item type Books
Holdings
Withdrawn status Lost status Damaged status Not for loan Home library Current library Date acquired Cost, normal purchase price Full call number Accession Number Koha item type
        RRII Library RRII Library 16/12/2021 750.00 504.38 ALG 23277 Books